Consultation on right to comment on GM crop releases (Record no. 71282)
[ view plain ]
| 000 -LEADER | |
|---|---|
| fixed length control field | 01077cam a2200205 4500 |
| 001 - CONTROL NUMBER | |
| control field | WB3836-18 |
| 008 - FIXED-LENGTH DATA ELEMENTS--GENERAL INFORMATION | |
| fixed length control field | 021002n2002 000 0 eng u |
| 035 ## - SYSTEM CONTROL NUMBER | |
| System control number | (Sirsi) u119961 |
| 245 ## - TITLE STATEMENT | |
| Title | Consultation on right to comment on GM crop releases |
| 260 ## - PUBLICATION, DISTRIBUTION, ETC. | |
| Date of publication, distribution, etc. | 2002 |
| 490 ## - SERIES STATEMENT | |
| Series statement | DEFRA News Release |
| Volume/sequential designation | 372/02 19 September 2002, (2) |
| 520 ## - SUMMARY, ETC. | |
| Summary, etc. | Government is consulting the public to improve public rights to comment on proposals relating to GM crop releases. Similar consultation are taking place in Scotland, Wales and Northern Ireland. The consultation document is available on the DEFRA website at www.defra.gov.uk/corporate/consult/nationallist/index.htm and hard copies are available on request from Defra, Plant Varieties and Seeds Division, White House Lane, Huntingdon Road, Cambridge CB3 0LF; t +44 (0)1223 342352; f +44 (0)1223 342386. |
| 590 ## - LOCAL NOTE (RLIN) | |
| Local note | WB |
| 650 ## - SUBJECT ADDED ENTRY--TOPICAL TERM | |
| Topical term or geographic name entry element | GENETICALLY MODIFIED CROPS |
| 650 ## - SUBJECT ADDED ENTRY--TOPICAL TERM | |
| Topical term or geographic name entry element | PUBLIC CONSULTATIONS |
| 650 ## - SUBJECT ADDED ENTRY--TOPICAL TERM | |
| Topical term or geographic name entry element | GOVERNMENT POLICY |
| 690 ## - LOCAL SUBJECT ADDED ENTRY--TOPICAL TERM (OCLC, RLIN) | |
| Topical term or geographic name as entry element | Rural |
| 9 (RLIN) | 6268 |
| 856 ## - ELECTRONIC LOCATION AND ACCESS | |
| Host name | http://www.defra.gov.uk/news/2002/020919a.htm |
| 942 ## - ADDED ENTRY ELEMENTS (KOHA) | |
| Suppress in OPAC | 0 |
| Withdrawn status | Lost status | Source of classification or shelving scheme | Damaged status | Not for loan | Home library | Current library | Shelving location | Date acquired | Total Checkouts | Full call number | Barcode | Date last seen | Copy number | Price effective from | Koha item type |
|---|---|---|---|---|---|---|---|---|---|---|---|---|---|---|---|
| Dewey Decimal Classification | London | London | News article | 02/10/2002 | WB3836-18 | 119961-1001 | 06/08/2019 | 1 | 06/08/2019 | News article |